[Event "Hoogeveen Open"]
[Site "Hoogeveen"]
[Date "2008.10.19"]
[Round "3"]
[White "Afek, Yochanan"]
[Black "Pavlovic, Milos"]
[Result "1/2-1/2"]
[WhiteElo "2319"]
[BlackElo "2524"]
[PlyCount "87"]
[EventDate "2008.??.??"]

1. e4 c6 2. d4 d5 3. exd5 cxd5 4. c4 Nf6 5. Nc3 e6 6. Nf3 Bb4 7. Bd3 dxc4 8.
Bxc4 O-O 9. O-O Nbd7 10. Bg5 Bxc3 11. bxc3 Qc7 12. Qd3 b6 13. Rfe1 Bb7 14. Bb3
Rac8 15. Rac1 Rfe8 16. c4 Rcd8 17. Qe3 Rc8 18. Ne5 Nxe5 19. dxe5 Ne4 20. Ba4
Rf8 21. Bh4 Qxe5 22. Be7 Qa5 23. Bxf8 Kxf8 24. Bb3 Qc5 25. Qf4 Nf6 26. Rcd1 Qc7
27. Qh4 Qc6 28. f3 Qc5+ 29. Kh1 h6 30. Re2 Ke7 31. Red2 Qg5 32. Qe1 Qc5 33. Qg3
g5 34. Ba4 Kf8 35. h4 Nh5 36. Qg4 Nf6 37. Qg3 Nh5 38. Qh2 Kg7 39. Rd7 Ba8 40.
R1d4 Nf6 41. Rd8 Rxd8 42. Rxd8 Qf2 43. Qe5 Bxf3 44. gxf3 1/2-1/2

[Event "Hoogeveen Open"]
[Site "Hoogeveen"]
[Date "2008.10.19"]
[Round "3"]
[White "Vul, Arkadi Eremeevich"]
[Black "Naumkin, Igor"]
[Result "0-1"]
[WhiteElo "2351"]
[BlackElo "2506"]
[PlyCount "102"]
[EventDate "2008.??.??"]

1. Nf3 e6 2. d4 f5 3. g3 Nf6 4. Bg2 Be7 5. b3 O-O 6. O-O d6 7. Bb2 Qe8 8. Nbd2
Qh5 9. Ne1 Qh6 10. Nd3 Nc6 11. Nc4 Bd7 12. a4 Rad8 13. e3 Be8 14. Nf4 Bf7 15.
d5 exd5 16. Nxd5 Nxd5 17. Bxd5 Bf6 18. Bxf6 Qxf6 19. Qd2 Kh8 20. Bxf7 Qxf7 21.
Na5 Ne5 22. f4 Ng4 23. Nxb7 Rde8 24. Rae1 Re4 25. h3 Nf6 26. Na5 Re6 27. Nc4
Ne4 28. Qg2 Nxg3 29. Rf3 Ne4 30. Kh2 Qh5 31. Re2 g5 32. fxg5 Nxg5 33. Rg3 Ne4
34. Rf3 Rg6 35. Qf1 Rfg8 36. Rxf5 Qh4 37. Qf4 Rg4 38. Qf3 Rg3 39. Qf1 R3g7 40.
Rf4 Qg3+ 41. Kh1 Qg6 42. Rg4 Qxg4 43. hxg4 Ng3+ 44. Kg2 Nxf1 45. Kxf1 Rxg4 46.
Rh2 R8g5 47. Kf2 Kg7 48. Nd2 Kg6 49. Kf3 h5 50. e4 Rg3+ 51. Kf2 Rc3 0-1

[Event "Hoogeveen Open"]
[Site "Hoogeveen"]
[Date "2008.10.19"]
[Round "3"]
[White "Grover, Sahaj"]
[Black "Van der Wiel, John TH"]
[Result "1/2-1/2"]
[WhiteElo "2313"]
[BlackElo "2501"]
[PlyCount "77"]
[EventDate "2008.??.??"]

1. e4 g6 2. d4 Bg7 3. Nc3 c6 4. f4 d5 5. e5 Nh6 6. Nf3 f6 7. Bd3 Bg4 8. h3 Bxf3
9. Qxf3 fxe5 10. fxe5 Rf8 11. Qg3 Nf5 12. Bxf5 Rxf5 13. Be3 Nd7 14. O-O-O Nf8
15. Rhf1 Qd7 16. Qh4 Rh5 17. Qf2 O-O-O 18. Qf7 Ne6 19. Qf3 Rf8 20. Qe2 Rxf1 21.
Rxf1 c5 22. Qd3 a6 23. Rd1 cxd4 24. Bxd4 Nxd4 25. Qxd4 Bxe5 26. Qc5+ Qc6 27.
Qxe7 Bxc3 28. bxc3 Qxc3 29. Qe8+ Kc7 30. Qe7+ Kb8 31. Qd6+ Ka7 32. Rxd5 Qa1+
33. Kd2 Qg1 34. Rxh5 Qxg2+ 35. Kc3 Qf3+ 36. Qd3 Qxh5 37. Qd4+ Kb8 38. Qd8+ Ka7
39. Qd4+ 1/2-1/2

[Event "Hoogeveen Open"]
[Site "Hoogeveen"]
[Date "2008.10.19"]
[Round "3"]
[White "Ulibin, Mikhail"]
[Black "Strating, Sybolt"]
[Result "1/2-1/2"]
[WhiteElo "2521"]
[BlackElo "2335"]
[PlyCount "102"]
[EventDate "2008.??.??"]

1. d4 d5 2. c4 c6 3. Nf3 Nf6 4. Nc3 dxc4 5. a4 Bf5 6. e3 e6 7. Bxc4 Bb4 8. O-O
Nbd7 9. Nh4 Bg6 10. Be2 O-O 11. Nxg6 hxg6 12. Qc2 Qe7 13. a5 a6 14. Ra4 Bd6 15.
e4 e5 16. dxe5 Bxe5 17. f4 Bb8 18. e5 Ba7+ 19. Kh1 Nd5 20. Nxd5 cxd5 21. b4
Rac8 22. Qd3 Rfd8 23. Bd2 Nf8 24. Ra3 Ne6 25. Qb1 Nd4 26. Bd3 Nb5 27. Bxb5 axb5
28. Rh3 Rc4 29. f5 Re4 30. e6 gxf5 31. exf7+ Qxf7 32. Qd3 g6 33. Qxb5 Bd4 34.
Qd3 Bg7 35. Rg3 Qe6 36. Qb3 Kf7 37. h3 d4 38. Qxe6+ Rxe6 39. Rd3 Rc8 40. Rb1
Re2 41. b5 Rc2 42. Bf4 g5 43. Bxg5 Be5 44. Rg1 Rb2 45. a6 Rxb5 46. axb7 Rxb7
47. Rgd1 Ke6 48. Kg1 f4 49. Rf3 Rbb2 50. Bxf4 Rxg2+ 51. Kf1 Bxf4 1/2-1/2

[Event "Hoogeveen Open"]
[Site "Hoogeveen"]
[Date "2008.10.19"]
[Round "3"]
[White "Brandenburg, Daan"]
[Black "Van Assendelft, Floris"]
[Result "1/2-1/2"]
[WhiteElo "2436"]
[BlackElo "2253"]
[PlyCount "149"]
[EventDate "2008.??.??"]

1. e4 c5 2. Nf3 d6 3. d4 Nf6 4. Nc3 cxd4 5. Nxd4 a6 6. Be3 e6 7. Be2 Nc6 8. Qd2
Be7 9. f4 O-O 10. O-O-O Bd7 11. g4 Nxd4 12. Qxd4 Bc6 13. g5 Nd7 14. Rhg1 e5 15.
Qd2 exf4 16. Bxf4 Ne5 17. Nd5 Bxd5 18. Qxd5 Qc7 19. Rg3 Rac8 20. Rc3 Qb6 21.
Rb3 Qf2 22. Qd2 Rc7 23. Qe3 Qxe3+ 24. Bxe3 Rfc8 25. c3 b5 26. Kb1 Bf8 27. Bf4
Re8 28. Bg3 Rc6 29. a4 bxa4 30. Ra3 Nd7 31. Rxa4 Nc5 32. Rc4 Rxe4 33. Rxe4 Nxe4
34. Bf3 Rc4 35. Bxe4 Rxe4 36. Bxd6 Re6 37. Bf4 f6 38. gxf6 Rxf6 39. Bg3 Kf7 40.
Rd5 Ke6 41. Ra5 Kd7 42. Kc2 Rc6 43. Kd3 Bd6 44. Rd5 Ke6 45. Rxd6+ Rxd6+ 46.
Bxd6 Kxd6 47. b4 Ke5 48. Kc4 g5 49. Kc5 h5 50. Kb6 g4 51. Kxa6 h4 52. b5 g3 53.
hxg3 hxg3 54. b6 g2 55. b7 g1=Q 56. b8=Q+ Ke4 57. Qb4+ Kd3 58. c4 Qa1+ 59. Kb5
Qe5+ 60. Qc5 Qb2+ 61. Kc6 Qf6+ 62. Kb5 Qb2+ 63. Qb4 Qe5+ 64. c5 Qe8+ 65. Ka5
Qa8+ 66. Kb5 Qe8+ 67. Ka6 Qa8+ 68. Kb6 Qb8+ 69. Ka5 Qa8+ 70. Kb5 Qe8+ 71. c6
Qb8+ 72. Kc5 Qf8+ 73. Kb5 Qb8+ 74. Ka5 Qa8+ 75. Kb5 1/2-1/2

[Event "Hoogeveen Open"]
[Site "Hoogeveen"]
[Date "2008.10.19"]
[Round "3"]
[White "Diamant, Andre"]
[Black "Rademakers, Evert"]
[Result "1-0"]
[WhiteElo "2412"]
[BlackElo "2151"]
[PlyCount "175"]
[EventDate "2008.??.??"]

1. e4 c6 2. d4 d5 3. exd5 cxd5 4. c4 Nf6 5. Nc3 e6 6. Nf3 Bb4 7. cxd5 Nxd5 8.
Qc2 Nc6 9. Bd3 Be7 10. a3 Nf6 11. Be3 O-O 12. O-O Bd7 13. Rad1 Rc8 14. Rfe1 Re8
15. Bg5 h6 16. Bc1 Nd5 17. Qe2 Bxa3 18. Qe4 f5 19. Qe2 Bd6 20. Nb5 Bb8 21. Bb1
a6 22. Nc3 Qf6 23. Qc4 Ncb4 24. Qb3 Bc6 25. Nxd5 Nxd5 26. Ba2 Bb5 27. Qa3 Bc4
28. Bxc4 Rxc4 29. Qb3 b5 30. Bd2 Rec8 31. Ra1 R8c6 32. Ra2 Bf4 33. Bxf4 Nxf4
34. g3 Ng6 35. Kg2 f4 36. Qd3 fxg3 37. hxg3 Rd6 38. Qe4 e5 39. Qa8+ Rd8 40.
Qxa6 Rc6 41. Qxb5 exd4 42. Qd3 Qf7 43. Qe4 Rb6 44. Ra8 Rxa8 45. Qxa8+ Kh7 46.
Re2 d3 47. Qe8 Qxe8 48. Rxe8 Rxb2 49. Rd8 Re2 50. Rd5 Re7 51. Rxd3 Ne5 52. Re3
Ng6 53. Rb3 Rd7 54. Rb6 Rd5 55. Re6 Nf8 56. Re4 Ng6 57. Ra4 Rd7 58. Nd4 Ne5 59.
f4 Ng4 60. Kf3 Nf6 61. g4 Nd5 62. Ne6 Re7 63. Nf8+ Kg8 64. Ra8 Re3+ 65. Kf2 Kf7
66. Nd7 Re4 67. Ne5+ Ke7 68. Ra7+ Ke6 69. Nd3 Rd4 70. f5+ Kf6 71. Ra6+ Ke7 72.
Ne5 Nc7 73. Rc6 Nd5 74. Re6+ Kf8 75. Ng6+ Kf7 76. Rd6 Rd1 77. Nf4 Ne3 78. Rg6
Nxg4+ 79. Rxg4 Kf6 80. Ng2 Ra1 81. Ne3 Kf7 82. Rg6 Ra5 83. Rc6 g6 84. fxg6+ Kg7
85. Ng2 Rf5+ 86. Ke3 Ra5 87. Nf4 h5 88. Rc7+ 1-0

[Event "Hoogeveen Open"]
[Site "Hoogeveen"]
[Date "2008.10.19"]
[Round "3"]
[White "Van Kooten, Luuk"]
[Black "Van Delft, Merijn"]
[Result "1/2-1/2"]
[WhiteElo "2263"]
[BlackElo "2402"]
[PlyCount "75"]
[EventDate "2008.??.??"]

1. d4 Nf6 2. c4 e6 3. Nc3 Bb4 4. e3 b6 5. Bd3 Bb7 6. Nge2 Bxg2 7. Rg1 Bf3 8.
Qc2 Nc6 9. Rg3 Bh5 10. a3 Bxc3+ 11. Nxc3 Bg6 12. f4 O-O 13. d5 Bxd3 14. Qxd3
Na5 15. Ne2 exd5 16. cxd5 Nb7 17. b4 Nd6 18. Bb2 Re8 19. O-O-O Nde4 20. Rg2 c5
21. dxc6 dxc6 22. Qc4 Qe7 23. Rdg1 g6 24. f5 Nd6 25. Qc2 Qxe3+ 26. Kb1 Nfe4 27.
fxg6 hxg6 28. Qxc6 Nd2+ 29. Ka1 Nb3+ 30. Ka2 Qe6 31. Nf4 Nc1+ 32. Kb1 Qa2+ 33.
Kxc1 Rec8 34. Rxg6+ fxg6 35. Rxg6+ Kh7 36. Rg7+ Kh6 37. Rg6+ Kh7 38. Rg7+
1/2-1/2

[Event "Hoogeveen Open"]
[Site "Hoogeveen"]
[Date "2008.10.19"]
[Round "3"]
[White "Grooten, Herman"]
[Black "Tate, Alan"]
[Result "0-1"]
[WhiteElo "2376"]
[BlackElo "2144"]
[PlyCount "60"]
[EventDate "2008.??.??"]

1. d4 Nf6 2. c4 e6 3. Nf3 c5 4. d5 d6 5. Nc3 exd5 6. cxd5 g6 7. Nd2 Bg7 8. e4
O-O 9. Be2 Na6 10. O-O Nc7 11. Rb1 Nfe8 12. f4 f5 13. g4 b5 14. Nxb5 Nxb5 15.
Bxb5 fxg4 16. Nc4 Rb8 17. Bc6 Ba6 18. Qc2 Bd4+ 19. Kh1 Qh4 20. b3 g3 21. Bxe8
Bxc4 22. Rf3 Bf2 23. Rxf2 gxf2 24. Be3 f1=Q+ 25. Rxf1 Bxf1 26. Bd7 Rxf4 27.
Be6+ Kg7 28. Qc3+ Qf6 29. Qa5 Bg2+ 30. Kxg2 Qg5+ 0-1

[Event "Hoogeveen Open"]
[Site "Hoogeveen"]
[Date "2008.10.19"]
[Round "3"]
[White "Bykhovsky, Anatoly A"]
[Black "Algra, Jouke"]
[Result "1/2-1/2"]
[WhiteElo "2364"]
[BlackElo "2113"]
[PlyCount "120"]
[EventDate "2008.??.??"]

1. e4 c5 2. Nf3 e6 3. d4 cxd4 4. Nxd4 Bc5 5. Nb3 Be7 6. c4 d6 7. Nc3 Nf6 8. Be2
a6 9. O-O O-O 10. Be3 Qc7 11. f3 b6 12. Rc1 Bb7 13. Qe1 Nbd7 14. Qf2 Rac8 15.
Rfd1 Kh8 16. Kh1 Bd8 17. Nd2 Qb8 18. Nf1 Bc7 19. Qh4 Rcd8 20. Ng3 Rde8 21. Nh5
d5 22. Nxf6 Nxf6 23. Bg5 Bd8 24. exd5 exd5 25. Bd3 h6 26. Bxh6 gxh6 27. Qxh6+
Kg8 28. Qg5+ Kh8 29. Nxd5 Bxd5 30. cxd5 Qe5 31. Bf5 Nh7 32. Qh5 Qg7 33. Rc4 Re5
34. Rg4 Rxf5 35. Qxf5 Qxb2 36. a4 Qf6 37. Qd3 b5 38. axb5 axb5 39. Qxb5 Bc7 40.
Qd3 Re8 41. g3 Nf8 42. Kg2 Ng6 43. Re4 Rd8 44. Qe2 Kg7 45. Rd2 Rb8 46. Qc4 Ne5
47. Qe2 Rb3 48. Rf4 Qb6 49. Qe4 Qa5 50. Re2 Qb5 51. Rf5 f6 52. Rh5 Ng6 53. Rc2
Be5 54. d6 Rb2 55. f4 Rxc2+ 56. Qxc2 Qd5+ 57. Kh3 Nxf4+ 58. gxf4 Qf3+ 59. Kh4
Qxf4+ 60. Kh3 Qf3+ 1/2-1/2

[Event "Hoogeveen Open"]
[Site "Hoogeveen"]
[Date "2008.10.19"]
[Round "3"]
[White "Pel, Bonno"]
[Black "Goudriaan, Etienne"]
[Result "0-1"]
[WhiteElo "2324"]
[BlackElo "2088"]
[PlyCount "70"]
[EventDate "2008.??.??"]

1. g3 g6 2. Bg2 Bg7 3. d3 Nf6 4. f4 d5 5. Nf3 O-O 6. O-O c5 7. c3 b6 8. Na3 Bb7
9. Qe1 Qc7 10. h3 Nbd7 11. g4 e5 12. fxe5 Nxe5 13. Nxe5 Qxe5 14. Bf4 Qe7 15.
Qf2 Ne8 16. Nc2 Rd8 17. a4 Nc7 18. Bg3 Rde8 19. Bf3 Ne6 20. Qh2 Ng5 21. Bd6 Be5
22. Bxe7 Bxh2+ 23. Kxh2 Rxe7 24. e3 Nxf3+ 25. Rxf3 d4 26. e4 dxc3 27. bxc3 c4
28. d4 Rxe4 29. Re3 f5 30. gxf5 Rf4 31. Kg3 R4xf5 32. Ne1 Rg5+ 33. Kh4 h6 34.
Rg3 Rh5+ 35. Kg4 Bc8# 0-1

[Event "Hoogeveen Open"]
[Site "Hoogeveen"]
[Date "2008.10.19"]
[Round "3"]
[White "Meurs, Tom"]
[Black "Tan, Matthew"]
[Result "0-1"]
[WhiteElo "2110"]
[BlackElo "2321"]
[PlyCount "78"]
[EventDate "2008.??.??"]

1. e4 e6 2. d4 d5 3. exd5 exd5 4. c4 Nf6 5. Nc3 Bb4 6. Bd3 O-O 7. Nge2 dxc4 8.
Bxc4 Nbd7 9. O-O Nb6 10. Bb3 Bd6 11. Qd3 Re8 12. Ng3 Be6 13. Bc2 Bc4 14. Qd1
Bxf1 15. Nxf1 c5 16. Be3 cxd4 17. Qxd4 Nbd5 18. Rd1 Nxe3 19. Nxe3 Be7 20. Qh4
Qa5 21. Nf5 Bf8 22. Qg5 Kh8 23. Nd6 Qxg5 24. Nxf7+ Kg8 25. Nxg5 h6 26. Bb3+ Kh8
27. Nf7+ Kh7 28. h3 g6 29. g4 Re7 30. g5 hxg5 31. Nxg5+ Kh6 32. h4 Rae8 33. Kg2
a6 34. Rd6 Bg7 35. Nf7+ Kh5 36. Kh3 Rxf7 37. Bxf7 Re1 38. Nd5 Nxd5 39. Rxd5+
Kh6 {time} 0-1

[Event "Hoogeveen Open"]
[Site "Hoogeveen"]
[Date "2008.10.19"]
[Round "3"]
[White "Groenewold, Jan Joris"]
[Black "Prasanna Raghuram, Rao"]
[Result "1-0"]
[WhiteElo "2106"]
[BlackElo "2311"]
[PlyCount "89"]
[EventDate "2008.??.??"]

1. Nf3 Nf6 2. d4 e6 3. c4 d5 4. g3 dxc4 5. Bg2 Nc6 6. Qa4 Bb4+ 7. Bd2 Nd5 8.
Bxb4 Ndxb4 9. a3 b5 10. Qd1 Nd5 11. e4 Nf6 12. Nc3 Rb8 13. O-O O-O 14. e5 Nd5
15. Ne4 Nde7 16. Qd2 Bb7 17. Rfd1 Nf5 18. Qf4 Nce7 19. Nc5 Bd5 20. Qd2 Nc6 21.
g4 Nfe7 22. Qe3 Ng6 23. Rd2 Nce7 24. Ne1 Rb6 25. f4 f6 26. Rf2 fxe5 27. dxe5
Bxg2 28. Nxg2 Nd5 29. Qg3 Qe7 30. Ne4 b4 31. h4 bxa3 32. Rxa3 Qb4 33. f5 Ngf4
34. Nxf4 Qe1+ 35. Kh2 Qxe4 36. Nxe6 Rfb8 37. Nc5 Qd4 38. Ne6 Qd1 39. Qg2 Qe1
40. Re2 Qxh4+ 41. Rh3 Qe7 42. Qxd5 Rxb2 43. Ng5+ Kf8 44. Nxh7+ Ke8 45. Nf6+ 1-0

[Event "Hoogeveen Open"]
[Site "Hoogeveen"]
[Date "2008.10.19"]
[Round "3"]
[White "Mellema, Andries"]
[Black "Kuipers, Stefan"]
[Result "0-1"]
[WhiteElo "2097"]
[BlackElo "2292"]
[PlyCount "44"]
[EventDate "2008.??.??"]

1. e4 c5 2. Nf3 Nc6 3. Nc3 Nf6 4. Bb5 Qc7 5. O-O e5 6. Bc4 Be7 7. Ng5 O-O 8. d3
d6 9. f4 exf4 10. Bxf4 Ne5 11. Bxe5 dxe5 12. Qf3 h6 13. h4 Bd8 14. Rf2 hxg5 15.
hxg5 Ng4 16. g6 Nh6 17. Raf1 Bg5 18. Nd5 Qd8 19. Qh5 Be6 20. gxf7+ Bxf7 21.
Nf6+ gxf6 22. Rxf6 Bxf6 0-1

[Event "Hoogeveen Open"]
[Site "Hoogeveen"]
[Date "2008.10.19"]
[Round "3"]
[White "Wempe, Joost"]
[Black "Haast, Anne"]
[Result "1/2-1/2"]
[WhiteElo "2291"]
[BlackElo "2054"]
[PlyCount "130"]
[EventDate "2008.??.??"]

1. d4 Nf6 2. c4 g6 3. Nc3 Bg7 4. e4 d6 5. Nf3 O-O 6. Be2 e5 7. d5 a5 8. Bg5 Qe8
9. Nd2 Na6 10. O-O Nd7 11. a3 h6 12. Bh4 g5 13. Bg3 Qe7 14. Re1 f5 15. exf5 Nf6
16. Bd3 Qf7 17. Nf1 Nh5 18. Ne3 Nf4 19. Bc2 Nc5 20. Ne4 b6 21. f3 Bd7 22. Bf2
a4 23. g3 Nh5 24. Rb1 Rfd8 25. Kh1 b5 26. Nxc5 dxc5 27. Be4 Nf6 28. cxb5 Bxb5
29. Qc2 c6 30. d6 Rxd6 31. Rbd1 Rad8 32. Qxc5 Nxe4 33. fxe4 Bd3 34. Kg1 Rd4 35.
Nd5 cxd5 36. Bxd4 Bxe4 37. Bxe5 Bxe5 38. Rxe4 Bd6 39. Qxd5 Bc5+ 40. Qxc5 Rxd1+
41. Kf2 Rd2+ 42. Re2 Qd7 43. Qe5 Rd5 44. Qe6+ Qf7 45. g4 Rd3 46. Ke1 Qxe6 47.
Rxe6 Rh3 48. Re2 Kf7 49. Kd1 h5 50. gxh5 Rxh5 51. Kc2 Rh4 52. Kc3 Kf6 53. Rf2
g4 54. b4 Rh3+ 55. Kc4 Rxa3 56. b5 Ra1 57. Kb4 a3 58. Ka5 Rb1 59. Ra2 Rb2 60.
Rxa3 Rxh2 61. Rb3 Kxf5 62. b6 Rh8 63. b7 Kf4 64. Rc3 Rb8 65. Kb6 Rxb7+ 1/2-1/2

[Event "Hoogeveen Open"]
[Site "Hoogeveen"]
[Date "2008.10.19"]
[Round "3"]
[White "Mostertman, Milan"]
[Black "Lammens, Tim"]
[Result "1-0"]
[WhiteElo "2044"]
[BlackElo "2288"]
[PlyCount "125"]
[EventDate "2008.??.??"]

1. e4 c5 2. Nf3 d6 3. d4 cxd4 4. Nxd4 Nf6 5. Nc3 g6 6. Be3 Bg7 7. f3 Nc6 8. Qd2
O-O 9. Bc4 Bd7 10. O-O-O Qc7 11. Bb3 Rfc8 12. g4 Na5 13. h4 Nc4 14. Bxc4 Qxc4
15. h5 b5 16. hxg6 fxg6 17. Qh2 Qf7 18. Kb1 Rab8 19. Nd5 Bh8 20. Qh6 Rc4 21.
Rd2 Rbc8 22. b3 Nxd5 23. exd5 Rc3 24. Ne2 Rxe3 25. Qxe3 Bg7 26. g5 b4 27. Rh4
Be5 28. Rxb4 Qg7 29. Rc4 Rxc4 30. bxc4 Qf8 31. f4 Bg7 32. Rd3 a5 33. Rb3 a4 34.
Rb7 Qc8 35. Rb4 Kf7 36. a3 Bh8 37. Nd4 Qc5 38. c3 Bg7 39. Kb2 Qc8 40. Qe4 Qc5
41. Rb8 Qxc4 42. Qe6+ Bxe6 43. dxe6+ Qxe6 44. Nxe6 Kxe6 45. Rg8 Kf7 46. Ra8 h5
47. gxh6 Bxh6 48. Rxa4 Ke6 49. Rd4 Kf5 50. a4 e5 51. fxe5 dxe5 52. Rd7 Be3 53.
a5 g5 54. Kc2 Ke4 55. Rg7 Kf3 56. a6 g4 57. a7 Bxa7 58. Rxa7 g3 59. Ra1 e4 60.
c4 Kf2 61. c5 e3 62. c6 e2 63. Kd2 1-0

[Event "Hoogeveen Open"]
[Site "Hoogeveen"]
[Date "2008.10.19"]
[Round "3"]
[White "Bitalzadeh, Ali"]
[Black "Sparenberg, Erik"]
[Result "0-1"]
[WhiteElo "2370"]
[BlackElo "2041"]
[PlyCount "82"]
[EventDate "2008.??.??"]

1. d4 Nf6 2. c4 g6 3. Nc3 Bg7 4. e4 d6 5. Nf3 O-O 6. Be2 c6 7. O-O Na6 8. Be3
Ng4 9. Bg5 f6 10. Bh4 e5 11. d5 c5 12. a3 h5 13. Ne1 Nh6 14. h3 Nf7 15. Nd3 Bh6
16. Rb1 Bg5 17. Bg3 h4 18. Bh2 Kg7 19. b4 b6 20. f4 exf4 21. Bxf4 Bxf4 22. Rxf4
g5 23. Rf2 Qe7 24. Bg4 Ne5 25. Bf5 Re8 26. Nxe5 Qxe5 27. Nb5 Re7 28. Qa4 Bxf5
29. Rxf5 Qxe4 30. Rbf1 Qe3+ 31. Kh1 g4 32. Nxd6 gxh3 33. R5f2 Kh8 34. Nf5 hxg2+
35. Rxg2 Qh3+ 36. Kg1 Re2 37. Rxe2 Rg8+ 38. Kf2 Rg2+ 39. Ke1 Qc3+ 40. Kd1 Qd3+
41. Kc1 Qxe2 0-1

[Event "Hoogeveen Open"]
[Site "Hoogeveen"]
[Date "2008.10.19"]
[Round "3"]
[White "Rooda, Kai"]
[Black "Van Eijk, Sander"]
[Result "0-1"]
[WhiteElo "2141"]
[BlackElo "2366"]
[PlyCount "52"]
[EventDate "2008.??.??"]

1. d4 Nf6 2. Nf3 e6 3. c4 c5 4. Nc3 cxd4 5. Nxd4 a6 6. e4 Bb4 7. f3 O-O 8. Be3
Nc6 9. Nc2 Bxc3+ 10. bxc3 d5 11. exd5 exd5 12. Be2 Bf5 13. Nd4 Nxd4 14. Bxd4
Rc8 15. cxd5 Nxd5 16. Qd2 Re8 17. O-O Nxc3 18. Bxa6 Nb1 19. Raxb1 Bxb1 20. Bxb7
Rc2 21. Qb4 Bxa2 22. Ba1 Bc4 23. Rb1 Qg5 24. f4 Qxf4 25. Bf3 Qe3+ 26. Kh1 Rc1+
0-1

[Event "Hoogeveen Open"]
[Site "Hoogeveen"]
[Date "2008.10.19"]
[Round "3"]
[White "Van der Veen, Jan"]
[Black "Humphrey, Jonathan"]
[Result "1/2-1/2"]
[WhiteElo "2114"]
[BlackElo "2330"]
[PlyCount "34"]
[EventDate "2008.??.??"]

1. d4 d5 2. c4 e6 3. Nf3 c6 4. e3 f5 5. Nc3 Nf6 6. b3 Bd6 7. Bb2 O-O 8. Be2
Nbd7 9. Qc2 Ne4 10. h3 Ndf6 11. Nxe4 Nxe4 12. O-O Bd7 13. Ne5 Be8 14. Bd3 Qg5
15. c5 Bc7 16. b4 Bh5 17. f4 Qg3 1/2-1/2

[Event "Hoogeveen Open"]
[Site "Hoogeveen"]
[Date "2008.10.19"]
[Round "3"]
[White "Archangelsky, Mikhail"]
[Black "Jellema, Yme Jan"]
[Result "0-1"]
[WhiteElo "2276"]
[BlackElo "2129"]
[PlyCount "108"]
[EventDate "2008.??.??"]

1. d4 d5 2. Bf4 c6 3. e3 Bf5 4. Bd3 Bxd3 5. Qxd3 e6 6. Nf3 Bd6 7. Bg3 Ne7 8.
Nbd2 Ng6 9. c4 Qe7 10. O-O Bxg3 11. hxg3 Nd7 12. e4 dxe4 13. Nxe4 Rd8 14. Qb3
Nf6 15. Nxf6+ gxf6 16. Rad1 O-O 17. Rfe1 Rd6 18. Qe3 a6 19. g4 Rfd8 20. g3 b5
21. c5 Rd5 22. Rc1 a5 23. Kg2 Qf8 24. Rh1 Qg7 25. Rh2 Nf8 26. Qf4 e5 27. dxe5
fxe5 28. Qf5 Re8 29. Qe4 Qg6 30. Qxg6+ hxg6 31. g5 e4 32. Ng1 Rd2 33. Kh3 Rxb2
34. f4 Rxh2+ 35. Kxh2 Rd8 36. Rc2 Ne6 37. Ne2 e3 38. Kg2 Rd2 39. Rxd2 exd2 40.
Nc3 b4 41. Nd1 a4 42. Kf2 b3 43. a3 Nxc5 44. Ke3 Nd7 45. Kxd2 Nb6 46. Kc3 c5
47. Nb2 Kf8 48. Nd3 c4 49. Nb2 Ke7 50. Kb4 Kd6 51. Nd1 Kd5 52. Nc3+ Kd4 53.
Nb5+ Kd3 54. Nc3 b2 0-1

[Event "Hoogeveen Open"]
[Site "Hoogeveen"]
[Date "2008.10.19"]
[Round "3"]
[White "Ducarmon, Quinten"]
[Black "Van der Elburg, Freddie"]
[Result "0-1"]
[WhiteElo "2083"]
[BlackElo "2269"]
[PlyCount "76"]
[EventDate "2008.??.??"]

1. e4 c5 2. Nf3 e6 3. d4 cxd4 4. Nxd4 a6 5. Nc3 d6 6. g4 b5 7. a3 Bb7 8. g5 Nc6
9. Be3 Nge7 10. Nxc6 Nxc6 11. h4 Be7 12. Qd2 Qc7 13. O-O-O Rc8 14. h5 Ne5 15.
f4 Nc4 16. Bxc4 Qxc4 17. g6 Bxe4 18. Nxe4 Qxe4 19. h6 Bf6 20. hxg7 Bxg7 21.
gxf7+ Kxf7 22. Rh5 Rc6 23. Kb1 Rhc8 24. Rc1 Kg8 25. Rg5 Kh8 26. Rgg1 a5 27.
Rge1 Qf5 28. Bd4 e5 29. fxe5 dxe5 30. Be3 b4 31. axb4 axb4 32. Qd3 e4 33. Qb3
Qa5 34. Rg1 Ra8 35. c4 bxc3 36. bxc3 Rxc3 37. Rxc3 Qa1+ 38. Kc2 Ra2+ 0-1

[Event "Hoogeveen Open"]
[Site "Hoogeveen"]
[Date "2008.10.19"]
[Round "3"]
[White "Dal Borgo, Albin"]
[Black "Hendriks, Richard"]
[Result "1-0"]
[WhiteElo "2210"]
[BlackElo "2116"]
[PlyCount "131"]
[EventDate "2008.??.??"]

1. d4 d5 2. Bf4 Nf6 3. e3 Bg4 4. f3 Bf5 5. g4 Bg6 6. h4 h6 7. h5 Bh7 8. c4 Bxb1
9. Rxb1 c6 10. Kf2 e6 11. Bd3 dxc4 12. Bxc4 Nd5 13. Bg3 Bd6 14. Ne2 O-O 15. Qg1
b5 16. Bxd6 Qxd6 17. Bxd5 exd5 18. g5 Kh7 19. Qg4 f5 20. gxf6 Qxf6 21. Nf4 Na6
22. Rhg1 Rae8 23. Qg6+ Kg8 24. Qxf6 Rxf6 25. Rbc1 Nb4 26. Rc3 a5 27. a3 Na6 28.
Rgc1 Nb8 29. a4 bxa4 30. Ra1 Rf7 31. Rxa4 Rb7 32. Nd3 Rbe7 33. Nc5 Rf7 34. Rxa5
Rf5 35. Ra8 Ref8 36. f4 Nd7 37. Rxf8+ Nxf8 38. Nd3 Rxh5 39. Rxc6 Rh2+ 40. Kg3
Re2 41. Kf3 Rd2 42. Rc3 Nd7 43. b4 h5 44. b5 Rd1 45. Rc8+ Kh7 46. Nc5 Nb6 47.
Rc6 Nc4 48. Ne6 Kg6 49. Nc7+ Kf5 50. Nxd5 Rf1+ 51. Ke2 Rc1 52. b6 Ke4 53. b7
Rc2+ 54. Kd1 Rb2 55. Rxc4 Kxd5 56. Rc7 g6 57. Kc1 Rb6 58. Kd2 Rb2+ 59. Kd3 Rb3+
60. Ke2 Ke4 61. Re7+ Kf5 62. Kf3 Kf6 63. Rc7 Ke6 64. Ke4 h4 65. d5+ Kf6 66. d6
1-0

[Event "Hoogeveen Open"]
[Site "Hoogeveen"]
[Date "2008.10.19"]
[Round "3"]
[White "Balje, Jan"]
[Black "Haitsma, Anne"]
[Result "1/2-1/2"]
[WhiteElo "2193"]
[BlackElo "2107"]
[PlyCount "54"]
[EventDate "2008.??.??"]

1. d4 Nf6 2. c4 e6 3. g3 d5 4. Bg2 dxc4 5. Nf3 c5 6. O-O Nc6 7. Qa4 Bd7 8. Qxc4
cxd4 9. Nxd4 Rc8 10. Bxc6 Bxc6 11. Nxc6 Rxc6 12. Qa4 a6 13. Be3 Be7 14. Rd1 Qc8
15. Nc3 O-O 16. Qb3 b5 17. a3 Ng4 18. Bf4 e5 19. Nd5 Bc5 20. Be3 Nxe3 21. Nxe3
Bd4 22. Nd5 Qe6 23. e3 Ba7 24. Qd3 e4 25. Qd2 Bb8 26. Nf4 Bxf4 27. exf4 f5
1/2-1/2

[Event "Hoogeveen Open"]
[Site "Hoogeveen"]
[Date "2008.10.19"]
[Round "3"]
[White "Ten Vergert, Paul"]
[Black "Clemens, Adrian"]
[Result "1/2-1/2"]
[WhiteElo "1980"]
[BlackElo "2261"]
[PlyCount "72"]
[EventDate "2008.??.??"]

1. e4 c5 2. Nf3 d6 3. d4 cxd4 4. Nxd4 Nf6 5. Nc3 a6 6. Be3 e5 7. Nb3 Be6 8. Qd2
Nbd7 9. O-O-O Be7 10. f4 Rc8 11. Kb1 O-O 12. f5 Bc4 13. g4 Nxg4 14. Rg1 Nxe3
15. Qxe3 Kh8 16. Qg3 Rg8 17. Bxc4 Rxc4 18. Nd2 Bh4 19. Qg4 Rxc3 20. bxc3 Bf2
21. Rg2 Bc5 22. Nb3 Ba3 23. c4 a5 24. c5 Nxc5 25. Rg3 a4 26. Rh3 h6 27. Nxc5
Bxc5 28. Ka1 Qf6 29. Qe2 Rc8 30. c3 a3 31. Qb5 b6 32. Rg3 Rg8 33. Rd2 Qh4 34.
Qd3 Qf4 35. Rf3 Qh4 36. Rg3 Qf4 1/2-1/2

[Event "Hoogeveen Open"]
[Site "Hoogeveen"]
[Date "2008.10.19"]
[Round "3"]
[White "De Jong, Migchiel"]
[Black "Galje, Hans"]
[Result "1-0"]
[WhiteElo "2349"]
[BlackElo "2121"]
[PlyCount "47"]
[EventDate "2008.??.??"]

1. e4 e6 2. d4 d5 3. Bd3 Nf6 4. e5 Nfd7 5. Nf3 c5 6. c3 Nc6 7. O-O f6 8. Ng5
Ndxe5 9. dxe5 fxg5 10. Qh5+ Kd7 11. Bxg5 Qe8 12. Qe2 Be7 13. f4 Kc7 14. Nd2 c4
15. Bxe7 Qxe7 16. Bc2 Bd7 17. Qe3 Be8 18. b3 b5 19. a4 cxb3 20. axb5 bxc2 21.
bxc6 Kxc6 22. Nb3 Bg6 23. Ra6+ Kb7 24. Rfa1 1-0

[Event "Hoogeveen Open"]
[Site "Hoogeveen"]
[Date "2008.10.19"]
[Round "3"]
[White "Vedder, Richard"]
[Black "Potze, Rudolf"]
[Result "1-0"]
[WhiteElo "2334"]
[BlackElo "2105"]
[PlyCount "75"]
[EventDate "2008.??.??"]

1. e4 c5 2. Nf3 Nc6 3. Bb5 g6 4. O-O Bg7 5. c3 Nf6 6. e5 Nd5 7. d4 cxd4 8. cxd4
O-O 9. Nc3 Nc7 10. Bf4 a6 11. Be2 d5 12. exd6 exd6 13. d5 Ne5 14. Nxe5 dxe5 15.
Be3 Ne8 16. Qb3 Nd6 17. Bb6 Qf6 18. Qb4 Re8 19. a4 Nf5 20. Ne4 Qh4 21. g3 Qh3
22. Bf3 Nd4 23. Bxd4 exd4 24. Bg2 Qd7 25. a5 Rb8 26. Rfd1 Qc7 27. d6 Qd8 28.
Rxd4 Bxd4 29. Qxd4 Re6 30. Rd1 Bd7 31. Nc5 Re8 32. b4 Rf8 33. Nxb7 Qg5 34. Nc5
Bf5 35. Nxa6 Bc2 36. Ra1 Rbe8 37. Nc5 Re2 38. Nd7 1-0

[Event "Hoogeveen Open"]
[Site "Hoogeveen"]
[Date "2008.10.19"]
[Round "3"]
[White "Hovenga, Alje"]
[Black "Van der Velde, Wytse"]
[Result "1-0"]
[WhiteElo "2253"]
[BlackElo "1978"]
[PlyCount "59"]
[EventDate "2008.??.??"]

1. d4 Nf6 2. c4 g6 3. Nc3 Bg7 4. e4 d6 5. Nf3 O-O 6. Be2 e5 7. O-O Nc6 8. d5
Ne7 9. Ne1 Nd7 10. f3 f5 11. Be3 f4 12. Bf2 g5 13. Rc1 Ng6 14. c5 Nf6 15. cxd6
cxd6 16. Nb5 g4 17. Nc7 g3 18. Nxa8 Nh5 19. hxg3 fxg3 20. f4 gxf2+ 21. Rxf2
Nhxf4 22. Rc3 Qh4 23. Rf1 Bd7 24. Nc7 Bh6 25. Ne6 Rf7 26. Bg4 Bb5 27. g3 Nh3+
28. Bxh3 Qxh3 29. Rxf7 Kxf7 30. Qf3+ 1-0